| 000 | 00547nam a22001697a 4500 | ||
|---|---|---|---|
| 999 |
_c169 _d169 |
||
| 008 | 150331b xxu||||| |||| 00| 0 eng d | ||
| 020 | _a9789970027453 | ||
| 050 | _aB 809.3 .M8 2010 | ||
| 082 | _aB 809.3 .N32 1988 | ||
| 100 | _aMusisi.B.Nakanyike | ||
| 245 |
_aWhat is Crtical Thinking / _cMusisi,Nakanyike.B;Taylor,Edgar .C |
||
| 260 |
_aKampala : _bFountains, _c2010 |
||
| 300 |
_axiii,149p. : _c20cm. |
||
| 650 | _aCrtical Thinking | ||
| 700 | _aTaylor,Edgar .C | ||
| 942 |
_2lcc _cBOOKS _hB 809.3 .N32 1988 _044 |
||